[Event "C.to Italiano U12"]
[Site "Terrasini ITA"]
[Date "2007.07.02"]
[Round "2"]
[White "Rossini, Luca"]
[Black "Reale, Simone"]
[Result "1-0"]
[WhiteElo "1371"]
[BlackElo "1473"]
[PlyCount "65"]
[EventDate "2007.07.02"]

1. d4 Nf6 2. c4 g6 3. Nc3 d5 4. Bg5 e6 5. Bxf6 Qxf6 6. cxd5 Bg7 7. Nf3 O-O 8.
e3 Rd8 9. dxe6 Bxe6 10. Be2 Nd7 11. e4 c6 12. Qd2 Qe7 13. Ng5 Bf8 14. f4 f5 15.
b3 fxe4 16. Nxe6 Qxe6 17. Bc4 Re8 18. Bxe6+ Rxe6 19. O-O Rd8 20. d5 cxd5 21.
Qxd5 Rde8 22. Qxd7 Bg7 23. Rac1 R8e7 24. Qd8+ Kf7 25. f5 gxf5 26. Rxf5+ Kg6 27.
Nd5 Kxf5 28. Nxe7+ Kf4 29. Rf1+ Ke3 30. Nf5+ Ke2 31. Nxg7 Rc6 32. Qd1+ Ke3 33.
Nf5# 1-0

[Event "C.to Italiano U12"]
[Site "Terrasini ITA"]
[Date "2007.07.03"]
[Round "3"]
[White "Doronzo, Michele"]
[Black "Rossini, Luca"]
[Result "1-0"]
[WhiteElo "1605"]
[BlackElo "1371"]
[PlyCount "120"]
[EventDate "2007.07.02"]

1. d4 Nf6 2. c4 e6 3. Nc3 d5 4. e3 g6 5. Bd3 Bg7 6. Nge2 O-O 7. h3 dxc4 8. Bxc4
Nc6 9. e4 e5 10. d5 Ne7 11. Bg5 h6 12. Qd2 b5 13. Bxf6 Bxf6 14. Bb3 b4 15. Na4
a5 16. Rc1 Ba6 17. Bc4 Bxc4 18. Rxc4 Nc8 19. a3 bxa3 20. bxa3 Nb6 21. Nxb6 cxb6
22. O-O Be7 23. Qb2 Qd6 24. Rc6 Qxa3 25. Qxa3 Bxa3 26. Rxb6 a4 27. Ra1 Bb2 28.
Rxb2 a3 29. Rba2 Ra4 30. Rxa3 Rxe4 31. Re3 Rxe3 32. fxe3 Rd8 33. Rd1 f5 34. Ng3
f4 35. exf4 exf4 36. Ne2 g5 37. Nc3 h5 38. Ne4 g4 39. hxg4 hxg4 40. Nf6+ Kg7
41. Nxg4 Rd6 42. Nf2 Kf7 43. Rd4 Ke7 44. Ne4 Rd7 45. d6+ Kf7 46. Nc5 Rd8 47. d7
Ke7 48. Nb7 Rxd7 49. Rxd7+ Kxd7 50. Nc5+ Kd6 51. Nd3 Ke6 52. Nxf4+ Kf5 53. g3
Kg4 54. Kf2 Kf5 55. Kf3 Kf6 56. g4 Kg5 57. Kg3 Kf6 58. Kh4 Ke5 59. Kh5 Kxf4 60.
g5 Ke4 1-0

[Event "C.to Italiano U12"]
[Site "Terrasini ITA"]
[Date "2007.07.03"]
[Round "4"]
[White "De Filomeno, Simone"]
[Black "Tirelli, Mauro"]
[Result "1-0"]
[WhiteElo "2034"]
[BlackElo "1704"]
[PlyCount "45"]
[EventDate "2007.07.02"]

1. e4 e6 2. d4 d5 3. Nc3 Bb4 4. e5 c5 5. dxc5 Qc7 6. Nf3 Bxc5 7. Bd3 Ne7 8. O-O
Ng6 9. Re1 Nc6 10. a3 a6 11. b4 Ba7 12. Bb2 Bd7 13. b5 axb5 14. Nxb5 Qb6 15.
Nd6+ Ke7 16. Bxg6 Qxf2+ 17. Kh1 hxg6 18. Rf1 Qg3 19. Nxf7 Rh5 20. Bc1 Bc5 21.
Qd3 Nd4 22. Bg5+ Kf8 23. Qxg6 1-0

[Event "C.to Italiano U12"]
[Site "Terrasini ITA"]
[Date "2007.07.03"]
[Round "4"]
[White "Lorenzetti, Giacomo"]
[Black "Nicoli, Davide"]
[Result "1-0"]
[WhiteElo "1347"]
[BlackElo "1440"]
[PlyCount "37"]
[EventDate "2007.07.02"]

1. e4 e5 2. d4 exd4 3. Qxd4 Nc6 4. Qe3 b6 5. Qg3 Bd6 6. Qxg7 Qf6 7. Bh6 Qg6 8.
Nf3 Qxe4+ 9. Be2 Qg6 10. Qxh8 Qxh6 11. Qxg8+ Bf8 12. Bc4 Qc1+ 13. Ke2 Qxc2+ 14.
Nbd2 Qf5 15. Rhe1 Bb7 16. Kf1+ Ne7 17. Rxe7+ Kxe7 18. Re1+ Kd6 19. Qg3+ 1-0

[Event "C.to Italiano U12"]
[Site "Terrasini ITA"]
[Date "2007.07.03"]
[Round "4"]
[White "Rossini, Luca"]
[Black "Giuliano, Vincenzo"]
[Result "0-1"]
[WhiteElo "1371"]
[BlackElo "1455"]
[PlyCount "94"]
[EventDate "2007.07.02"]

1. d4 d5 2. c4 Nf6 3. Nc3 e6 4. Bd2 dxc4 5. e3 Bb4 6. Bxc4 Nc6 7. Nf3 O-O 8. a3
Bxc3 9. Bxc3 Re8 10. O-O Ne4 11. Bd3 Nxc3 12. bxc3 e5 13. Nxe5 Nxe5 14. dxe5 g6
15. Bc4 Be6 16. Bxe6 Rxe6 17. Qxd8+ Rxd8 18. Rfd1 Rxd1+ 19. Rxd1 Rxe5 20. Rd8+
Kg7 21. Rd3 Ra5 22. c4 Ra4 23. Rc3 b6 24. g3 c6 25. c5 b5 26. Kf1 Kf6 27. Ke2
Rc4 28. Kd3 Rxc3+ 29. Kxc3 Ke5 30. h4 Ke4 31. Kb4 Kd5 32. f3 a5+ 33. Kxa5 Kxc5
34. Ka6 b4 35. axb4+ Kxb4 36. Kb6 c5 37. g4 c4 38. h5 gxh5 39. gxh5 c3 40. e4
c2 41. f4 c1=Q 42. f5 Qh6+ 43. Kc7 Kc5 44. e5 Qc6+ 45. Kd8 Kd5 46. e6 fxe6 47.
f6 Kd6 0-1

[Event "C.to Italiano U12"]
[Site "Terrasini ITA"]
[Date "2007.07.04"]
[Round "5"]
[White "Genualdi, Adriano"]
[Black "Rossini, Luca"]
[Result "0-1"]
[WhiteElo "1440"]
[BlackElo "1371"]
[PlyCount "100"]
[EventDate "2007.07.02"]

1. e4 c5 2. Nf3 Nc6 3. Bc4 d6 4. Ng5 e6 5. d3 g6 6. Bb5 Bd7 7. O-O Bg7 8. Bxc6
Bxc6 9. Nf3 Nf6 10. Bg5 O-O 11. Re1 e5 12. Bxf6 Qxf6 13. Qd2 Rad8 14. Qg5 h6
15. Qxf6 Bxf6 16. Nc3 Kg7 17. Nd5 Bxd5 18. exd5 g5 19. c3 h5 20. b4 cxb4 21.
cxb4 e4 22. dxe4 Bxa1 23. Rxa1 g4 24. Ng5 Kg6 25. Nxf7 Rxf7 26. Rb1 Rc7 27. g3
Rc4 28. b5 Rxe4 29. b6 axb6 30. Rxb6 Re1+ 31. Kg2 Ra1 32. Rxb7 Rxa2 33. Re7 Rd2
34. Re6+ Kg5 35. h4+ gxh3+ 36. Kxh3 Rxf2 37. Re4 Rd2 38. Rh4 Rxd5 39. g4 Rd3+
40. Kg2 hxg4 41. Rh2 Rd2+ 42. Kg1 Rxh2 43. Kxh2 Re8 44. Kg3 d5 45. Kf2 d4 46.
Kf1 d3 47. Kf2 d2 48. Kf1 d1=Q+ 49. Kf2 Re2+ 50. Kg3 Qd3# 0-1

[Event "C.to Italiano U12"]
[Site "Terrasini ITA"]
[Date "2007.07.04"]
[Round "5"]
[White "Largo, Jacopo"]
[Black "Mastrolonardo, Francesco"]
[Result "1-0"]
[WhiteElo "1425"]
[BlackElo "1374"]
[PlyCount "105"]
[EventDate "2007.07.02"]

1. d4 e5 2. dxe5 Nc6 3. Nf3 d6 4. exd6 Qxd6 5. Qxd6 Bxd6 6. e4 Nb4 7. Bd3 Nxd3+
8. cxd3 Nf6 9. Nc3 O-O 10. h3 Be6 11. e5 Bb4 12. exf6 Bxc3+ 13. bxc3 gxf6 14.
O-O Kh8 15. Bb2 Rg8 16. Kh2 Rg6 17. c4 Rag8 18. Rg1 h5 19. Nh4 Rh6 20. f3 Rd8
21. Rad1 a5 22. g4 hxg4 23. fxg4 Kh7 24. Nf3 Rg8 25. Bc1 Rhg6 26. Nh4 R6g7 27.
Nf5 Bxf5 28. gxf5 Re8 29. Rxg7+ Kxg7 30. Rg1+ Kh8 31. Rg2 Re1 32. Bd2 Rd1 33.
Bxa5 Rxd3 34. Bxc7 Rf3 35. a4 Rxf5 36. Rc2 Rc5 37. Bb6 Rc6 38. c5 f5 39. Kg3
Kg7 40. Rf2 Rg6+ 41. Kh4 Rh6+ 42. Kg3 Rg6+ 43. Kh2 Kf6 44. Rg2 f4 45. Rxg6+
fxg6 46. Kg2 g5 47. Kf3 Kf5 48. a5 Ke5 49. c6 bxc6 50. a6 c5 51. Bxc5 Kd5 52.
a7 Kxc5 53. a8=Q 1-0

[Event "C.to Italiano U12"]
[Site "Terrasini ITA"]
[Date "2007.07.04"]
[Round "5"]
[White "Reale, Simone"]
[Black "Munari, Filippo"]
[Result "1/2-1/2"]
[WhiteElo "1473"]
[BlackElo "1413"]
[PlyCount "139"]
[EventDate "2007.07.02"]

1. d4 d6 2. c4 Nf6 3. Nc3 g6 4. e4 Bg7 5. f4 Bg4 6. Nf3 Bxf3 7. Qxf3 Nfd7 8.
Be3 Nc6 9. d5 Nd4 10. Qd1 c5 11. dxc6 Nxc6 12. Be2 Bxc3+ 13. bxc3 Nf6 14. Qd3
Qc7 15. O-O Rc8 16. f5 Ne5 17. Qd4 b6 18. fxg6 hxg6 19. Bg5 Nfd7 20. Qd5 Qc5+
21. Kh1 Rc7 22. Rac1 f6 23. Bd2 Nxc4 24. Bf4 g5 25. Bg3 Qxd5 26. exd5 Ne3 27.
Rf3 Nxd5 28. c4 Ne5 29. Rff1 Ne3 30. Rfe1 N3xc4 31. Bxe5 dxe5 32. Bxc4 Kf8 33.
Be6 Rxc1 34. Rxc1 Rh4 35. g3 Rd4 36. Rc8+ Kg7 37. Rg8+ Kh7 38. Re8 e4 39. Rxe7+
Kg6 40. Rd7 Rxd7 41. Bxd7 f5 42. Kg2 Kf6 43. Kf2 Ke5 44. Ke2 f4 45. gxf4+ Kxf4
46. Bb5 e3 47. a4 Ke4 48. Bd7 Kf4 49. Be6 Ke4 50. Bb3 Kf4 51. Bc2 Kg4 52. Kxe3
Kh3 53. Kd4 Kxh2 54. Kc4 g4 55. Kb5 Kg3 56. Be4 Kf4 57. Bc6 Ke5 58. Ka6 Kd6 59.
Bb7 Kc5 60. Kxa7 Kb4 61. Bc6 Ka5 62. Kb7 g3 63. Kc7 Ka6 64. Kd6 Ka5 65. Ke5 g2
66. Bxg2 Kxa4 67. Kd4 b5 68. Bd5 b4 69. Kd3 b3 70. Bxb3+ 1/2-1/2

[Event "C.to Italiano U12"]
[Site "Terrasini ITA"]
[Date "2007.07.??"]
[Round "6"]
[White "Bisi, Samuele"]
[Black "Rossini, Luca"]
[Result "1-0"]
[WhiteElo "1491"]
[BlackElo "1371"]
[PlyCount "63"]
[EventDate "2007.07.02"]

1. d4 Nf6 2. c4 e6 3. Nc3 d5 4. Bg5 Be7 5. e3 h6 6. Bh4 Nc6 7. Nf3 O-O 8. Bd3
Nh5 9. Bg3 Nxg3 10. fxg3 a6 11. O-O dxc4 12. Bxc4 b5 13. Bd3 Bb7 14. a3 Bd6 15.
Rc1 Ne7 16. b4 Nf5 17. Re1 Qf6 18. Bb1 e5 19. Be4 c6 20. Bb1 exd4 21. Nxd4 Nxd4
22. exd4 Rae8 23. Qc2 Qxd4+ 24. Kh1 g6 25. Rxe8 Rxe8 26. Rf1 Qc4 27. Qc1 c5 28.
Ba2 Qxf1+ 29. Qxf1 Bxg2+ 30. Kxg2 c4 31. Nd5 Be5 32. Bb1 1-0

[Event "C.to Italiano U12"]
[Site "Terrasini ITA"]
[Date "2007.07.??"]
[Round "7"]
[White "Rossini, Luca"]
[Black "Gregori, Giacomo"]
[Result "1/2-1/2"]
[WhiteElo "1371"]
[BlackElo "1323"]
[PlyCount "69"]
[EventDate "2007.07.02"]

1. d4 d5 2. c4 e6 3. Nc3 Nf6 4. Nf3 Be7 5. Bg5 Nbd7 6. e3 c5 7. Bd3 Nb6 8. b3
Bd7 9. O-O O-O 10. Qc2 Re8 11. Bxf6 Bxf6 12. Bxh7+ Kf8 13. Bd3 Qc7 14. cxd5
exd5 15. Nb5 Bxb5 16. Bxb5 Red8 17. Qxc5+ Qxc5 18. dxc5 Bxa1 19. cxb6 Bf6 20.
bxa7 Rxa7 21. a4 Rda8 22. h4 Rc8 23. g4 g6 24. h5 gxh5 25. gxh5 Rc3 26. Nd4
Bxd4 27. exd4 Rxb3 28. Kg2 Kg7 29. Rh1 Kh6 30. f3 Ra8 31. Kg3 Rg8+ 32. Kf2 Rg5
33. Be8 f6 34. f4 Rf5 35. Bg6 1/2-1/2

[Event "C.to Italiano U12"]
[Site "Terrasini ITA"]
[Date "2007.07.05"]
[Round "8"]
[White "Diviccaro, Domenico"]
[Black "Rossini, Luca"]
[Result "0-1"]
[WhiteElo "1431"]
[BlackElo "1371"]
[PlyCount "136"]
[EventDate "2007.07.02"]

1. d4 Nf6 2. c4 e6 3. Nc3 d5 4. Bg5 Be7 5. e3 h6 6. Bh4 Nc6 7. Bd3 a6 8. Nge2
dxc4 9. Bxc4 b5 10. Bd3 Nd5 11. Bxe7 Qxe7 12. Be4 Qd6 13. Rc1 O-O 14. Nxd5 exd5
15. Bf3 Be6 16. a3 Ne7 17. Qc2 c6 18. O-O Bf5 19. Qc3 a5 20. Qd2 Qf6 21. Ng3
Bh3 22. Qe2 Be6 23. Qd2 Qg6 24. Rfe1 Bg4 25. Qe2 Bxf3 26. Qxf3 f5 27. Qf4 Rac8
28. Rc2 a4 29. Rec1 Rf6 30. Qe5 Re6 31. Qf4 Qg5 32. Nxf5 Qxf5 33. Qxf5 Nxf5 34.
Kf1 g5 35. Rb1 h5 36. b3 axb3 37. Rxb3 Ne7 38. h3 g4 39. hxg4 hxg4 40. Ke2 Rf6
41. Rb1 Kg7 42. Kf1 Kg6 43. g3 Rcf8 44. Rb3 Rh8 45. Kg2 Rc8 46. Rbc3 Rd6 47.
Kg1 Kf7 48. Kf1 Rb8 49. Rb3 Rb6 50. a4 Rb7 51. axb5 Rxb5 52. Rbc3 Rb1+ 53. Ke2
Kf6 54. f3 gxf3+ 55. Kxf3 Rb8 56. g4 Rg8 57. Rh2 Rdd8 58. Rcc2 Rh8 59. Rhg2 Kg5
60. Rc1 Rh3+ 61. Rg3 Rf8+ 62. Kg2 Rh4 63. Rb1 Rxg4 64. Rxg4+ Kxg4 65. Rb7 Nf5
66. Rc7 Nxe3+ 67. Kh2 Rf6 68. Rg7+ Kf4 0-1

[Event "C.to Italiano U12"]
[Site "Terrasini ITA"]
[Date "2007.07.07"]
[Round "9"]
[White "Largo, Jacopo"]
[Black "Varsaica, Filippo"]
[Result "1/2-1/2"]
[WhiteElo "1425"]
[BlackElo "1476"]
[PlyCount "100"]
[EventDate "2007.07.02"]

1. d4 d5 2. c4 c6 3. Nc3 Nf6 4. Nf3 Nbd7 5. Bg5 e6 6. e3 Bb4 7. Qc2 Qa5 8. a3
Bxc3+ 9. Qxc3 Qxc3+ 10. bxc3 h6 11. Bf4 Ne4 12. Rc1 O-O 13. Bd3 Ndf6 14. O-O
Rd8 15. Be5 a5 16. Bxf6 Nxf6 17. cxd5 exd5 18. Ne5 Be6 19. Rb1 Nd7 20. Rxb7
Nxe5 21. dxe5 Rab8 22. Rfb1 Rxb7 23. Rxb7 Ra8 24. Rc7 Rb8 25. Rxc6 Rb3 26. a4
Bd7 27. Rc5 Bxa4 28. Rxa5 Rxc3 29. Rxa4 Rxd3 30. Rd4 Ra3 31. h3 Ra1+ 32. Kh2
Ra5 33. f4 Kf8 34. e4 dxe4 35. Rxe4 Ke7 36. Kg3 Ke6 37. Kf3 Kf5 38. g4+ Ke6 39.
f5+ Ke7 40. h4 Ra6 41. g5 Rb6 42. f6+ gxf6 43. exf6+ Kf8 44. Re7 hxg5 45. hxg5
Rb5 46. Kg4 Rb4+ 47. Kh5 Rb3 48. g6 Rh3+ 49. Kg5 Rg3+ 50. Kf4 Rxg6 1/2-1/2

[Event "C.to Italiano U12"]
[Site "Terrasini ITA"]
[Date "2007.07.07"]
[Round "9"]
[White "Rossini, Luca"]
[Black "Brizzi, Matteo"]
[Result "0-1"]
[WhiteElo "1371"]
[BlackElo "1335"]
[PlyCount "36"]
[EventDate "2007.07.02"]

1. d4 d5 2. c4 e6 3. Nc3 Nf6 4. Bg5 Be7 5. e3 O-O 6. Nf3 h6 7. Bh4 b6 8. b3 Bb7
9. Bd3 Nbd7 10. O-O c5 11. Bc2 Rc8 12. Qd3 g6 13. Bxf6 Nxf6 14. Ne5 Qe8 15. f3
Ba6 16. e4 cxd4 17. Qxd4 Bc5 18. Qxc5 Rxc5 0-1

[Event "XXXV C.to Italiano ASCI"]
[Site "Folgaria ITA"]
[Date "2007.06.30"]
[Round "1"]
[White "Vaccani, Mario"]
[Black "Nicolini, Savino"]
[Result "1-0"]
[WhiteElo "1840"]
[BlackElo "1545"]
[PlyCount "65"]
[EventDate "2007.06.30"]

1. e4 c6 2. d4 d5 3. e5 e6 4. Nf3 Nd7 5. Bd3 c5 6. c3 Qb6 7. O-O Ne7 8. Qe2 Nf5
9. Re1 cxd4 10. cxd4 Nxd4 11. Nxd4 Qxd4 12. Nc3 a6 13. a3 Bc5 14. g3 b5 15. Bf4
Bb7 16. Rad1 Bxa3 17. Bxb5 Qb4 18. Bxd7+ Kxd7 19. Na2 Qxb2 20. Qxb2 Bxb2 21.
Rb1 Bxe5 22. Bxe5 Bc6 23. Bxg7 Rhg8 24. Bd4 Rg4 25. f4 h5 26. Kf2 h4 27. Re3
hxg3+ 28. hxg3 Rf8 29. Nc1 f6 30. Nd3 Bb5 31. Nc5+ Ke7 32. Rxe6+ Kd8 33. Rbe1
1-0

[Event "XXXV C.to Italiano ASCI"]
[Site "Folgaria ITA"]
[Date "2007.06.30"]
[Round "1"]
[White "Vrioni, Bersan"]
[Black "Fratini, Mauro"]
[Result "1-0"]
[WhiteElo "1569"]
[BlackElo "2026"]
[PlyCount "91"]
[EventDate "2007.06.30"]

1. d4 Nf6 2. c4 g6 3. Nc3 d5 4. cxd5 Nxd5 5. e4 Nxc3 6. bxc3 Bg7 7. h3 c5 8.
Nf3 Nc6 9. Bb2 Qa5 10. Qd2 O-O 11. d5 Ne5 12. Nxe5 Bxe5 13. a3 Bd7 14. Be2 Bb5
15. Bxb5 Qxb5 16. Qe2 Qa5 17. Rc1 b5 18. O-O c4 19. Qc2 Rab8 20. Ra1 Qa4 21.
Rfc1 Bf4 22. Qxa4 bxa4 23. Rc2 Rb3 24. g3 Be5 25. Bc1 Bxc3 26. Raa2 Rc8 27. Be3
a6 28. Kg2 Bf6 29. Kf1 Kg7 30. Ke2 c3 31. f4 e5 32. Kd3 exf4 33. gxf4 Be7 34.
Bd4+ f6 35. Rxc3 Rcxc3+ 36. Bxc3 Bxa3 37. Kc4 Kf7 38. e5 fxe5 39. fxe5 Ke7 40.
Rxa3 Rb8 41. Rxa4 Ra8 42. Bb4+ Kd7 43. e6+ Kd8 44. d6 Ke8 45. Kd5 g5 46. d7+
1-0

[Event "XXXV C.to Italiano ASCI"]
[Site "Folgaria ITA"]
[Date "2007.07.01"]
[Round "2"]
[White "Damiani, Lorenzo"]
[Black "Vaccani, Mario"]
[Result "1/2-1/2"]
[WhiteElo "1643"]
[BlackElo "1840"]
[PlyCount "35"]
[EventDate "2007.06.30"]

1. d4 Nf6 2. c4 g6 3. Nc3 d5 4. cxd5 Nxd5 5. e4 Nxc3 6. bxc3 Bg7 7. Bc4 c5 8.
Bb2 Nc6 9. Nf3 Bg4 10. Bxf7+ Kf8 11. Bd5 cxd4 12. Bxc6 bxc6 13. cxd4 Qa5+ 14.
Qd2 Qxd2+ 15. Nxd2 c5 16. h3 Bd7 17. Nf3 cxd4 18. Bxd4 1/2-1/2

[Event "XXXV C.to Italiano ASCI"]
[Site "Folgaria ITA"]
[Date "2007.07.01"]
[Round "2"]
[White "Ragusi, Gianluca"]
[Black "Gasperoni, Claudio"]
[Result "1/2-1/2"]
[WhiteElo "1625"]
[BlackElo "1824"]
[PlyCount "116"]
[EventDate "2007.06.30"]

1. e4 e5 2. Nf3 Nc6 3. Bb5 a6 4. Ba4 Nf6 5. d3 b5 6. Bb3 d6 7. a3 Be7 8. O-O
O-O 9. h3 Kh8 10. Ng5 Qe8 11. f4 h6 12. Nf3 Nh7 13. f5 Qd8 14. g4 Ng5 15. Nxg5
Bxg5 16. c3 Bxc1 17. Qxc1 Qh4 18. Qe3 Ne7 19. Nd2 Ng8 20. Kh2 Qg5 21. Qxg5 hxg5
22. Nf3 f6 23. Kg2 Nh6 24. Kg3 a5 25. a4 b4 26. cxb4 axb4 27. Rh1 Ba6 28. Bc4
Rfb8 29. b3 c6 30. Bxa6 Rxa6 31. h4 gxh4+ 32. Nxh4 Ra5 33. Ng6+ Kh7 34. Rac1
Rc5 35. Rxc5 dxc5 36. Rc1 Rd8 37. Rd1 Kg8 38. Ne7+ Kf7 39. Nxc6 Rd7 40. Nb8 Rb7
41. Na6 Rb6 42. Nxc5 Rc6 43. Rc1 Ng8 44. Rc4 Rb6 45. a5 Rb8 46. a6 Ne7 47. a7
Ra8 48. Rxb4 Rxa7 49. Kf3 Nc6 50. Ra4 Rc7 51. Ne6 Rd7 52. Ke3 g6 53. d4 exd4+
54. Nxd4 Ne5 55. fxg6+ Kxg6 56. Kf4 Nd3+ 57. Ke3 Ne5 58. Kf4 Nd3+ 1/2-1/2

[Event "XXXV C.to Italiano ASCI"]
[Site "Folgaria ITA"]
[Date "2007.07.02"]
[Round "3"]
[White "Gasperoni, Claudio"]
[Black "Damiani, Lorenzo"]
[Result "1-0"]
[WhiteElo "1824"]
[BlackElo "1643"]
[PlyCount "23"]
[EventDate "2007.06.30"]

1. d4 d5 2. c4 e6 3. Nc3 Nf6 4. Bg5 Nbd7 5. cxd5 exd5 6. Nf3 Be7 7. e3 O-O 8.
Bd3 h6 9. Bh4 Re8 10. Qc2 Ne4 11. Bxe7 Qxe7 12. Nxd5 1-0

[Event "XXXV C.to Italiano ASCI"]
[Site "Folgaria ITA"]
[Date "2007.07.02"]
[Round "3"]
[White "Vaccani, Mario"]
[Black "Vrioni, Bersan"]
[Result "0-1"]
[WhiteElo "1840"]
[BlackElo "1569"]
[PlyCount "80"]
[EventDate "2007.06.30"]

1. e4 f5 2. exf5 Nf6 3. d4 d5 4. Bd3 Nc6 5. Nf3 Nb4 6. Nc3 Nxd3+ 7. Qxd3 Qd7 8.
Nb5 c6 9. Ne5 Qd8 10. Nc3 Qc7 11. Bf4 Nh5 12. Bd2 Bd7 13. Qh3 Nf6 14. Bg5 h5
15. Bxf6 exf6 16. Ng6 Rh6 17. Nxf8 Kxf8 18. O-O-O Qf4+ 19. Rd2 Bxf5 20. Qe3
Qxe3 21. fxe3 Re8 22. Re1 Kf7 23. Rf2 Bg6 24. Kd2 Rhh8 25. Ne2 h4 26. Nf4 Be4
27. Nd3 Bxd3 28. Kxd3 Re7 29. e4 dxe4+ 30. Rxe4 Rxe4 31. Kxe4 Re8+ 32. Kd3 Re1
33. c4 Ke6 34. Re2+ Rxe2 35. Kxe2 g5 36. h3 f5 37. Kf3 b5 38. b3 a5 39. a3 a4
40. bxa4 bxc4 0-1

[Event "XXXV C.to Italiano ASCI"]
[Site "Folgaria ITA"]
[Date "2007.07.02"]
[Round "4"]
[White "Melle, Ezio"]
[Black "Vrioni, Bersan"]
[Result "1/2-1/2"]
[WhiteElo "1753"]
[BlackElo "1569"]
[PlyCount "33"]
[EventDate "2007.06.30"]

1. e4 c5 2. Nf3 d6 3. d4 cxd4 4. Nxd4 g6 5. Be3 Bg7 6. Be2 Nc6 7. Nxc6 bxc6 8.
Bd4 Nf6 9. Nc3 c5 10. Be3 O-O 11. f4 Qb6 12. Rb1 Bb7 13. Bf3 Rab8 14. O-O Nd7
15. e5 Bxf3 16. Rxf3 Rfd8 17. Nd5 1/2-1/2

[Event "XXXV C.to Italiano ASCI"]
[Site "Folgaria ITA"]
[Date "2007.07.02"]
[Round "4"]
[White "Pugliese, Giuseppe"]
[Black "Gasperoni, Claudio"]
[Result "1/2-1/2"]
[WhiteElo "1839"]
[BlackElo "1824"]
[PlyCount "47"]
[EventDate "2007.06.30"]

1. e4 e5 2. Nf3 Nc6 3. d4 exd4 4. Nxd4 Nf6 5. Nxc6 bxc6 6. e5 Qe7 7. Qe2 Nd5 8.
c4 Nb6 9. b3 a5 10. Ba3 Qe6 11. Bxf8 Kxf8 12. Nd2 g6 13. g3 Kg7 14. Bg2 Re8 15.
f4 Ba6 16. O-O a4 17. Rfe1 axb3 18. axb3 Ra7 19. Qf2 Rea8 20. Ne4 Qe7 21. Nc5
Bc8 22. Rxa7 Rxa7 23. Qd4 Kg8 24. Ne4 1/2-1/2

[Event "XXXV C.to Italiano ASCI"]
[Site "Folgaria ITA"]
[Date "2007.07.03"]
[Round "5"]
[White "Vaccani, Mario"]
[Black "Melle, Ezio"]
[Result "1/2-1/2"]
[WhiteElo "1840"]
[BlackElo "1753"]
[PlyCount "29"]
[EventDate "2007.06.30"]

1. e4 c5 2. Nf3 a6 3. d4 cxd4 4. Nxd4 Nf6 5. Nc3 e5 6. Nf5 d5 7. Ng3 d4 8. Nb1
Bc5 9. c3 O-O 10. Be2 b5 11. Bg5 Nbd7 12. O-O Bb7 13. Nd2 h6 14. Bxf6 Nxf6 15.
Nb3 1/2-1/2

[Event "XXXV C.to Italiano ASCI"]
[Site "Folgaria ITA"]
[Date "2007.07.03"]
[Round "5"]
[White "Vrioni, Bersan"]
[Black "Gasperoni, Claudio"]
[Result "1-0"]
[WhiteElo "1569"]
[BlackElo "1824"]
[PlyCount "85"]
[EventDate "2007.06.30"]

1. d4 d5 2. c4 e6 3. Nc3 c5 4. Nf3 Nc6 5. dxc5 d4 6. Ne4 Bxc5 7. Nxc5 Qa5+ 8.
Bd2 Qxc5 9. e3 dxe3 10. Bxe3 Qb4+ 11. Qd2 Nf6 12. Bd3 O-O 13. a3 Qxd2+ 14. Bxd2
Rd8 15. Ke2 b6 16. Bg5 Bb7 17. Bxf6 gxf6 18. Rhd1 Kg7 19. b3 f5 20. Bc2 Kf6 21.
Rxd8 Rxd8 22. Rd1 Rxd1 23. Bxd1 e5 24. Ke3 f4+ 25. Kd3 Kf5 26. Bc2 Kf6 27. Kc3
h6 28. Be4 Nd8 29. Bxb7 Nxb7 30. b4 a5 31. Nd2 Ke6 32. a4 f5 33. f3 Kd6 34. c5+
bxc5 35. Nc4+ Kd5 36. bxa5 Nd8 37. a6 Nc6 38. Nb6+ Kd6 39. Nc8+ Kc7 40. a7 Nxa7
41. Nxa7 e4 42. Nb5+ Kc6 43. Kc4 1-0

[Event "XXXV C.to Italiano ASCI"]
[Site "Folgaria ITA"]
[Date "2007.07.04"]
[Round "6"]
[White "Damiani, Lorenzo"]
[Black "Vrioni, Bersan"]
[Result "1-0"]
[WhiteElo "1643"]
[BlackElo "1569"]
[PlyCount "91"]
[EventDate "2007.06.30"]

1. d4 Nf6 2. c4 e6 3. Nf3 d5 4. Nc3 Bb4 5. Bg5 h6 6. Bh4 g5 7. Bg3 Ne4 8. Qc2
Nxg3 9. hxg3 Nd7 10. cxd5 exd5 11. e4 g4 12. Nd2 Qe7 13. Nxd5 Bxd2+ 14. Kxd2
Qg5+ 15. Ke1 O-O 16. Nxc7 Rb8 17. Nd5 Re8 18. Be2 b6 19. Rh4 h5 20. e5 Bb7 21.
Nf4 Rbc8 22. Qd3 Nf6 23. exf6 Be4 24. Qd2 Rc2 25. Rxh5 Qxf6 26. Nd5 Qg7 27. Rg5
Rxd2 28. Rxg7+ Kxg7 29. Kxd2 Bxd5 30. Bxg4 Bxg2 31. f3 f5 32. Bxf5 Bxf3 33. g4
Re2+ 34. Kc3 Rg2 35. Re1 Kf8 36. Be4 Bxe4 37. Rxe4 Kf7 38. d5 Rh2 39. d6 Rh8
40. Re7+ Kf6 41. Rxa7 Rd8 42. d7 Kg5 43. Rb7 Kxg4 44. Kd4 Kf5 45. Kd5 Kf6 46.
Kd6 1-0

[Event "XXXV C.to Italiano ASCI"]
[Site "Folgaria ITA"]
[Date "2007.07.04"]
[Round "6"]
[White "Melle, Ezio"]
[Black "Fratini, Mauro"]
[Result "0-1"]
[WhiteElo "1753"]
[BlackElo "2026"]
[PlyCount "72"]
[EventDate "2007.06.30"]

1. e4 e6 2. d4 d5 3. e5 c5 4. c3 Nc6 5. Nf3 Be7 6. a3 Qc7 7. b4 c4 8. Bf4 Bd7
9. Nbd2 h6 10. h4 a6 11. g3 Bf8 12. Bh3 Nge7 13. Nf1 Ng6 14. Bd2 Be7 15. h5 Nf8
16. Nh4 Nh7 17. Qg4 Bg5 18. f4 f5 19. exf6 Nxf6 20. Qe2 Bxh4 21. Bxe6 Bxg3+ 22.
Nxg3 O-O-O 23. Bxd7+ Qxd7 24. O-O-O Rde8 25. Qf3 Ne4 26. Rde1 Nxd2 27. Kxd2 Nd8
28. Rxe8 Rxe8 29. Nf1 Re4 30. Ne3 Ne6 31. Rh4 Kb8 32. Kc2 Rxd4 33. Qg3 Qa4+ 34.
Kb2 Qb3+ 35. Ka1 Qxc3+ 36. Kb1 Qd3+ 0-1

[Event "XXXV C.to Italiano ASCI"]
[Site "Folgaria ITA"]
[Date "2007.07.05"]
[Round "7"]
[White "Fratini, Mauro"]
[Black "Damiani, Lorenzo"]
[Result "0-1"]
[WhiteElo "2026"]
[BlackElo "1643"]
[PlyCount "80"]
[EventDate "2007.06.30"]

1. d4 d5 2. Bf4 Nf6 3. e3 e6 4. Nf3 Nbd7 5. Nbd2 Be7 6. Bd3 c5 7. c3 O-O 8. h4
b6 9. Ne5 Bb7 10. Qf3 c4 11. Bc2 b5 12. a3 a5 13. a4 b4 14. Nexc4 bxc3 15. bxc3
Ra7 16. Ne5 Qc8 17. Nxd7 Nxd7 18. e4 Bb4 19. e5 Qxc3 20. Qxc3 Bxc3 21. Ra3 Bxd4
22. Nf3 Bc5 23. Rb3 Rc8 24. O-O Bb4 25. Rc1 Ba6 26. Bd3 Rxc1+ 27. Bxc1 Nc5 28.
Rxb4 axb4 29. Bxa6 Rxa6 30. Be3 Nxa4 31. Nd4 Nc3 32. Nb3 Ra3 33. Nc5 b3 34. Nd3
Nd1 35. Bd4 Ra2 36. Kf1 b2 37. Nxb2 Nxb2 38. f4 Nc4 39. g4 Rd2 40. Bc3 Rd1+ 0-1

[Event "XXXV C.to Italiano ASCI"]
[Site "Folgaria ITA"]
[Date "2007.07.05"]
[Round "7"]
[White "Vrioni, Bersan"]
[Black "Pugliese, Giuseppe"]
[Result "1/2-1/2"]
[WhiteElo "1569"]
[BlackElo "1839"]
[PlyCount "86"]
[EventDate "2007.06.30"]

1. d4 d5 2. c4 c6 3. cxd5 cxd5 4. Nc3 e6 5. Bf4 Bd6 6. Bxd6 Qxd6 7. Nf3 Nf6 8.
e3 a6 9. Bd3 Nc6 10. a3 e5 11. dxe5 Nxe5 12. Nxe5 Qxe5 13. Qa4+ Bd7 14. Qb4 Bc6
15. O-O Qe7 16. Qh4 h6 17. Rac1 O-O 18. Ne2 Rac8 19. Nd4 Bd7 20. h3 Qe5 21. b4
Ne4 22. Bxe4 Qxe4 23. Qxe4 dxe4 24. Nb3 Bb5 25. Rfe1 b6 26. Nd4 Bd7 27. Kh2
Rfd8 28. Kg3 g5 29. Kh2 Kg7 30. Kg1 Kg6 31. Kf1 Kf6 32. Ke2 Ke5 33. Rh1 Rxc1
34. Rxc1 Rc8 35. Rxc8 Bxc8 36. Kd2 Bd7 37. Kc3 Kd5 38. Kb3 f5 39. g3 b5 40. Kc3
Ke5 41. Nb3 h5 42. h4 gxh4 43. gxh4 f4 1/2-1/2

[Event "XXXV C.to Italiano ASCI"]
[Site "Folgaria ITA"]
[Date "2007.07.06"]
[Round "8"]
[White "Damiani, Lorenzo"]
[Black "Pugliese, Giuseppe"]
[Result "1-0"]
[WhiteElo "1643"]
[BlackElo "1839"]
[PlyCount "101"]
[EventDate "2007.06.30"]

1. d4 Nf6 2. c4 g6 3. Nc3 Bg7 4. e4 d6 5. f3 O-O 6. Be3 e5 7. d5 c6 8. Qd2 cxd5
9. Nxd5 Nxd5 10. Qxd5 Nc6 11. Qd2 Be6 12. O-O-O Nd4 13. b3 b5 14. Bxd4 exd4 15.
cxb5 Qb6 16. Bd3 a6 17. bxa6 Rab8 18. Qb2 Rfc8+ 19. Kb1 Bc4 20. Bxc4 Rxc4 21.
Rd3 Rbc8 22. bxc4 Qxa6 23. Ne2 Rxc4 24. Rhd1 h5 25. Qb3 Rc6 26. Qb8+ Kh7 27.
Qb2 Rb6 28. Rb3 Rxb3 29. axb3 d3 30. Nd4 Bh6 31. g3 Be3 32. Qc3 Qa3 33. Rxd3
Bh6 34. Qa1 Qb4 35. Qc3 Qa3 36. b4 Qa7 37. Qc2 Bg7 38. Qc3 Bf6 39. b5 Qb6 40.
Qb4 Bg7 41. Kc2 Bf8 42. Qc4 Bg7 43. Qc6 Bxd4 44. Qxb6 Bxb6 45. Rxd6 Bg1 46. b6
Bxh2 47. b7 Bxg3 48. b8=Q h4 49. Qf8 Bxd6 50. Qxd6 g5 51. Qf6 1-0